| 000 | 00636nam a22002057a 4500 | ||
|---|---|---|---|
| 005 | 20260302123322.0 | ||
| 008 | 260302b |||||||| |||| 00| 0 eng d | ||
| 020 |
_a9783111312750 _c2640.71 |
||
| 040 | _aMAIN | ||
| 041 | _aFrench | ||
| 082 |
_a414 _bSCH |
||
| 100 |
_aScheer, Tobias _926455 |
||
| 245 |
_aAbrege De Phonetique Historique _b: Manual Pour la Preparation A Lepreuve Dancien Francais de Lagregation de Lettres Modernes |
||
| 260 |
_aBerlin _bDe Gruyter _c2025 |
||
| 300 | _a274 | ||
| 650 |
_aFrench Language _920 |
||
| 700 |
_aSegeral, Philippe _926456 |
||
| 700 |
_aBarbance, Celine Guillot _926457 |
||
| 942 | _cBK | ||
| 999 |
_c60491 _d60491 |
||